Statistiques concernant Joueurs de football français par images - Aléatoire

Cliquez ici pour prendre le quiz!

Statistiques générales

  • Ce quiz a été pris 800 fois
  • Le résultat moyen est 11 sur 16

Statistiques - réponses

Réponse% Correct
Didier Deschamps
100%
Kylian Mbappé
100%
Lucas Hernandez
100%
Adrien Rabiot
99%
Benjamin Pavard
99%
Hugo Lloris
99%
Olivier Giroud
99%
Alphonse Areola
98%
N'Golo Kanté
98%
Paul Pogba
98%
Zinédine Zidane
98%
Antoine Griezmann
97%
Kingsley Coman
97%
Théo Hernandez
97%
Thierry Henry
97%
Dimitri Payet
96%
Franck Ribéry
96%
Karim Benzema
96%
Samuel Umtiti
96%
Adil Rami
95%
Raphaël Varane
95%
Fabien Barthez
94%
Ousmane Dembélé
94%
Randal Kolo Muani
94%
Steve Mandanda
94%
Aurélien Tchouaméni
93%
Blaise Matuidi
93%
Presnel Kimpembe
93%
Mathieu Valbuena
92%
Mike Maignan
92%
Jules Koundé
91%
Lucas Digne
91%
Marcus Thuram
91%
Nabil Fekir
91%
Dayot Upamecano
89%
Eduardo Camavinga
89%
Emmanuel Petit
89%
Florian Thauvin
89%
Corentin Tolisso
86%
Benjamin Mendy
85%
Patrice Évra
85%
André-Pierre Gignac
82%
Patrick Vieira
81%
Anthony Martial
80%
Mattéo Guendouzi
80%
Éric Cantona
79%
Laurent Blanc
78%
Lilian Thuram
78%
Marcel Desailly
78%
Jordan Veretout
77%
William Saliba
77%
Moussa Diaby
73%
David Trezeguet
72%
Stéphane Ruffier
72%
Bixente Lizarazu
70%
Ferland Mendy
69%
Ibrahima Konaté
69%
Jean-Pierre Papin
68%
Claude Makélélé
66%
Laurent Koscielny
62%
Nicolas Anelka
62%
Frank Lebœuf
60%
Robert Pirès
60%
Youri Djorkaeff
53%
Christophe Dugarry
52%
Christian Karembeu
51%
Marius Trésor
46%
Bernard Lama
42%
Sylvain Wiltord
39%
Abou Diaby
36%
Basile Boli
33%
Willy Sagnol
32%
David Ginola
31%
Bernard Mendy
28%
Ibrahim Ba
25%
Luis Fernandez
25%
Ulrich Ramé
25%
Stéphane Guivarc'h
23%
Alain Boghossian
19%
Johan Micoud
19%
Sabri Lamouchi
17%
Eric Di Meco
15%
Franck Sauzée
15%
Patrice Loko
14%
Maxime Bossis
11%
Tony Vairelles
11%
Manuel Amoros
10%
Lionel Charbonnier
9%
Vincent Candela
9%
Bernard Diomède
8%
Jean-Marc Ferreri
7%
Vincent Guérin
7%
Julien Escudé
6%
Jocelyn Angloma
4%
Lionel Letizi
4%
Pierre Laigle
3%

Distribution des résultats

Percentile par nombre de réponses

% des personnes avec chaque résultat

Votre développement - résultats

Vous n’avez pas pris ce quiz